Normal view MARC view
  • Dahanukar. S. V. T

Entry Personal Name

Number of records used in: 1

001 - CONTROL NUMBER

  • control field: 3587

003 - CONTROL NUMBER IDENTIFIER

  • control field: OSt

005 - DATE AND TIME OF LATEST TRANSACTION

  • control field: 20170620160445.0

008 - FIXED-LENGTH DATA ELEMENTS

  • fixed length control field: 170620|| aca||aabn | a|a d

040 ## - CATALOGING SOURCE

  • Original cataloging agency: OSt

100 ## - HEADING--PERSONAL NAME

  • Personal name: Dahanukar. S. V. T

Powered by Koha